00521nam a2200205 a 4500001001300000003000900013005001700022008003800039020001000077082002100087100002500108245004600133260001300179300000900192500003500201505001000236650002500246650001900271700002500290nice12345678IN_TiNIC20260116013559.0050524s1995 a grp 000 0 eng  ac25000a305.6297054bENG aEngineer, Asghar Ali aKerala Muslimsb a Historical Perspective abc1995 a222p aincludes index and biblioraphy2 aIndex aMuslims-India-Kerala aKerala-Muslims1 aEngineer, Asghar Ali